Provinces des Pays-Bas avec une carte - Statistiques

Statistiques générales
  • Ce quiz a été pris 32 fois
  • Le résultat moyen est 8 sur 12
Réponses sur la Carte
Les réponses sont colorées sur une échelle allant du rouge au vert en fonction du pourcentage des utilisateurs qui les ont devinées à leur premier essai. Vous pouvez retrouver ces pourcentages ci-dessous.
 
Statistiques - réponses
Province Chef - lieu % Correct
Zélande Middelburg
100%
Limbourg Maastricht
92%
Utrecht Utrecht
92%
Frise/ Friesland Leeuwarden
83%
Brabant-Septentrional 's Hertogenbosch
75%
Gueldre Arnhem
58%
Hollande-Septentrionale Harlem
58%
Flevoland Lelystad
50%
Groningue / Groningen Groningen
50%
Hollande-Méridionale Den Haag
50%
Overijssel Zwolle
50%
Drenthe Assen
33%
Aucun quiz correspondant
Distribution des résultats
% des personnes avec chaque résultat
Percentile par nombre de réponses
Votre historique - résultats
Vous n’avez pas pris ce quiz